Insects - Picture Click Quiz - Statistics

General Stats
  • This quiz has been taken 1,885 times
    1,849 since last reset
  • The average score is 19 of 25
Answer Stats
Hint Extra Hint Answer % Correct
Butterfly
Vanessa cardui
93%
Ladybug
Coccinella septempunctata
93%
Common black ant
Lasius niger
91%
Honey Bee
Apis mellifera
91%
American cockroach
Periplaneta americana
88%
Stick insect
Carausius morosus
88%
Housefly
Musca domestica
88%
Praying Mantis
Mantis religiosa
88%
Wasp
Vespula germanica
88%
Silverfish
Lepisma saccharinum
87%
Dragonfly
Anax imperator
87%
Mosquito
Aedes aegypti
86%
Dor beetle
Anoplotrupes stercorosus
80%
Bush cricket
Tettigonia viridissima
79%
Flea
Ctenocephalides canis
79%
Greater Stag beetle
Lucanus cervus
75%
Termite
Coptotermes formosanus
74%
Earwig
Forficula auricularia
73%
Clothes moth
Tineola bisselliella
71%
Firebug
Pyrrhocoris apterus
61%
Pharaoh cicada
Magicicada septendecim
60%
Stink bug
Palomena prasina
60%
Head louse
Pediculus humanus capitis
59%
Cranefly
Tipula oleracea
58%
Mayfly
Rhithrogena germanica
48%
No matching quizzes found
Score Distribution
Percent of People with Each Score
Percentile by Number Answered
Your Score History
You have not taken this quiz since the last reset